000
00443nam a2200169Ia 4500
008
090711s9999 xx 000 0 und d
082
_b
27696
100
_a
पाध्ये भाऊ
245
_a
अग्रेसर
260
_c
1969
300
_a
120
600
_a
पाध्ये भाऊ
630
_a
अग्रेसर
700
_a
पाध्ये भाऊ
730
_a
अग्रेसर
942
_c
BOOK
999
_c
297790
_d
297790